Statistics for Celebrity Scandals Quiz #2

Click here to take the quiz!

General Stats

  • This quiz has been taken 11,471 times
  • The average score is 10 of 17

Answer Stats

YearScandalCelebrity% Correct
2009Interrupted Taylor Swift at the MTV music video awardsKanye West
88%
2009Sentenced to five years probation for assaulting RihannaChris Brown
86%
2006"Nipplegate" at the Super-Bowl half time showJanet Jackson
80%
2012Caught cheating on Robert PattinsonKristen Stewart
76%
2011Married an NBA player and divorced him 72 days later,
possibly a sham to generate publicity
Kim Kardashian
74%
2011Claimed to be a "warlock" with "tiger blood" who was "winning"Charlie Sheen
70%
2006"Nipplegate" at the Super-Bowl half time showJustin Timberlake
68%
1986-1996Cheated on his wife with Camilla Parker BowlesPrince Charles
63%
2010'sServed multiple stints in jail for DUI's, jewelry theft and parole violationsLindsey Lohan
60%
2004Broke up with his pregnant girlfriend to marry Britney SpearsKevin Federline
52%
1994Married an 89 year old billionaire just one year before he diedAnna Nicole Smith
49%
2001Arrested for shoplifting at Saks Fifth Avenue in Beverly HillsWinona Ryder
49%
2003Didn't know the difference between tuna and chickenJessica Simpson
46%
1989Caught lip-synching (band)Milli Vanilli
45%
1972Traveled to Hanoi and repeated North Vietnamese propagandaJane Fonda
35%
1990Sang the national anthem very poorly and spit afterwardsRoseanne Barr
30%
1988Became a sex-tape pioneer by filming himself with two girls,
one of whom was underage
Rob Lowe
21%

Score Distribution

Percentile by Number Answered

Percent of People with Each Score

Your Score History

You have not taken this quiz